000 013780000a22003250004500
003 EG-GICUC
005 20250223032156.0
008 070313s2003 ua d f m 000 0 eng d
040 _aEG-GICUC
_beng
_cEG-GICUC
041 0 _aEng
049 _aDeposite
097 _aM.Sc
099 _aCai01.13.12.M.Sc.2003.Sa.E
100 0 _aSayed Fadel Ahmed
245 1 0 _aEvaluation and development of low permeability gas reservoirs application to aburoash F formation in western desert , egypt /
_cSayed Fadel Ahmed ; Supervised Abd El aziz Osman , Mohamed Helmy , Mahmoud Abduo Tantawy
246 1 5 _aتقييم وتنمية مكامن الغاز ذات النفاذية المنخفضة تطبيقا على طبقة ابورواشFبالصحراء الغربية بجمهورية مصر العربية
260 _aCairo :
_bSayed Fadel Ahmed ,
_c2003
300 _a72P :
_bcharts ;
_c30cm
502 _aThesis (M.Sc.) - Cairo University - Faculty Of Engineering - Department Of Metallurgical Engineering
530 _aIssued also as CD
653 4 _adevelopment
653 4 _alow permeability gas
700 0 _aAbdelaziz Osman ,
_eSupervisor
700 0 _aMahmoud Abduo Tantawy ,
_eSupervisor
700 0 _aMohamed Helmy ,
_eSupervisor
856 _uhttp://172.23.153.220/th.pdf
905 _aAmira
_eCataloger
905 _aEsam
_eRevisor
942 _2ddc
_cTH
999 _c69844
_d69844